| 000 | 01057nam a2200289 i 4500 | ||
|---|---|---|---|
| 001 | 15906 | ||
| 003 | ES-MaACL | ||
| 005 | 20250830102220.0 | ||
| 007 | t| | ||
| 008 | 000519s1999 sp ||||1| spa d | ||
| 020 | _a84-95265-11-7 | ||
| 080 | _a972.91"1895/98" | ||
| 080 | _a070(73)"18" | ||
| 080 | _a973"1898"(0:070) | ||
| 100 | 1 |
_aOjeda Eiseley, Jaime de. _986613 |
|
| 245 | 1 | 3 |
_aEl 98 en el Congreso y en la prensa de los Estados Unidos / _cJaime de Ojeda Eiseley. |
| 260 |
_aMadrid : _bMinisterio de Asuntos Exteriores, Secretaría General Técnica, _c1999. |
||
| 300 |
_a254 p. ; _c25 cm. |
||
| 490 | 1 |
_aBiblioteca diplomática española. Estudios ; _v20 |
|
| 650 | 4 |
_aPrensa- _zEstados Unidos- _yS.XIX. _916363 |
|
| 650 | 4 |
_aGuerra hispano-americana, 1898- _xEn la prensa. _9157081 |
|
| 710 | 1 |
_aEstados Unidos. _bCongress _9172661 |
|
| 710 | 1 |
_aEspaña. _bMinisterio de Asuntos Exteriores. _93845 |
|
| 830 | 1 | 0 |
_aBiblioteca diplomática española. _pEstudios _v20 _9179518 |
| 852 |
_aES-MaACL _jL-22827 |
||
| 999 |
_c15906 _d15906 |
||